000 00407 a2200145 4500
005 20250621091124.0
020 _a03-065170-0
082 _a330.1 COL
100 _aCOLEMAN, J. N.
245 _aComparative Economic Systems: An Inquiry Approach.
260 _aNew York,
_bHolt, Rinehart and Winston,
_c1968.
300 _axiv, 226p.: ill.; figure, table
_bIndex
_c24cm
700 _aFENTON, E.
942 _2ddc
_cBKS
999 _c455
_d455